[Event "Flint (Class DEU/5)"]
[Site "?"]
[Date "1990.??.??"]
[Round "?"]
[White "Redding, T."]
[Black "Short, T."]
[Result "0-1"]
[WhiteElo "1605"]
[BlackElo "1605"]
[PlyCount "66"]
[EventDate "1990.??.??"]

1. d4 g6 2. Bf4 Bg7 3. Nf3 Nf6 4. Nc3 d6 5. e3 Bg4 6. Be2 Nc6 7. h3 Bf5 8. Ng5
O-O 9. Bf3 h6 10. Nge4 d5 11. Nc5 Rb8 12. Qe2 Nb4 13. e4 dxe4 14. N3xe4 Nxe4
15. Bxe4 Qxd4 16. c3 Qxc5 17. Bxf5 Qxf5 18. Bxc7 Rbc8 19. g4 Qe6 20. Rd1 Rxc7
21. cxb4 Qxe2+ 22. Kxe2 Rc2+ 23. Rd2 Rxd2+ 24. Kxd2 Bxb2 25. Kc2 Bf6 26. Kb3
Rd8 27. Rc1 Rd3+ 28. Kc4 Rxh3 29. a4 Rh4 30. f3 h5 31. Kc5 hxg4 32. fxg4 Rxg4
33. Rc4 Rg5# 0-1

[Event "Flint (Class DEU/2)"]
[Site "?"]
[Date "1990.??.??"]
[Round "?"]
[White "Redding, T."]
[Black "Ellis, P."]
[Result "0-1"]
[WhiteElo "1605"]
[BlackElo "1605"]
[PlyCount "96"]
[EventDate "1990.??.??"]

1. d4 d5 2. Bf4 Nc6 3. Nf3 Bg4 4. e3 e6 5. Be2 Bd6 6. Ne5 Bxe2 7. Qxe2 Nxe5 8.
dxe5 Be7 9. Qb5+ c6 10. Qxb7 Qc8 11. Qxc8+ Rxc8 12. O-O Rb8 13. b3 Bb4 14. a3
Ba5 15. Rd1 Ne7 16. e4 Bc7 17. Nc3 Ng6 18. g3 Bxe5 19. Bxe5 Nxe5 20. Kg2 O-O
21. Rd4 Rb7 22. Re1 Nd7 23. e5 c5 24. Ra4 Nb6 25. Ra5 c4 26. b4 Nd7 27. Nb5 Nb6
28. Nd6 Rd7 29. Rc5 Na4 30. Rc6 Ra8 31. Rd1 Nb6 32. Rd4 g6 33. h4 Kg7 34. f4
Rad8 35. Nb5 Rc8 36. Nxa7 Rxa7 37. Rxb6 Rxa3 38. Rd1 Rc3 39. Rc1 Ra8 40. b5 Ra2
41. Rc6 Rcxc2+ 42. Rxc2 Rxc2+ 43. Kh3 Rb2 44. b6 Kf8 45. Kg4 h5+ 46. Kg5 Kg7
47. g4 Rg2 48. f5 Rxg4# 0-1

[Event "Detroit (RVO/2)"]
[Site "?"]
[Date "1990.??.??"]
[Round "?"]
[White "Randel, D."]
[Black "Smeckert, Dennis"]
[Result "1-0"]
[WhiteElo "1605"]
[BlackElo "1605"]
[PlyCount "67"]
[EventDate "1990.??.??"]

1. e4 c5 2. Nf3 Nc6 3. d4 cxd4 4. Nxd4 Nf6 5. Nc3 d6 6. Be2 a6 7. a4 e5 8. Nf3
b6 9. Bg5 Be7 10. Bxf6 Bxf6 11. Nd5 O-O 12. O-O Bb7 13. Qd2 Na5 14. b4 Bxd5 15.
Qxd5 Rc8 16. bxa5 Rxc2 17. Bxa6 Rc5 18. Qd2 Rxa5 19. Bb5 h6 20. Rfd1 Be7 21.
Rac1 Ra8 22. Rc6 Rb8 23. Qd5 Kh8 24. Rdc1 f5 25. Bd3 f4 26. Rc7 g5 27. Qe6 g4
28. Qxe7 Qxe7 29. Rxe7 gxf3 30. gxf3 Rg8+ 31. Kf1 Rg6 32. Rcc7 Ra8 33. Rh7+ Kg8
34. Bc4+ 1-0

[Event "Lansing (Mini-Swiss.3/2)"]
[Site "?"]
[Date "1990.??.??"]
[Round "?"]
[White "Randel, D."]
[Black "Saulmon, Scott"]
[Result "0-1"]
[WhiteElo "1670"]
[BlackElo "1640"]
[PlyCount "104"]
[EventDate "1990.??.??"]

{3/(2)} 1. d4 Nf6 2. Nf3 d6 3. Bg5 g6 4. e3 Bg7 5. Bd3 O-O 6. c3 c5 7. Nbd2 Nc6
8. O-O Qc7 9. Re1 e5 10. dxe5 dxe5 11. e4 Be6 12. Qe2 h6 13. Bh4 Nh5 14. Nf1
Nf4 15. Qe3 Na5 16. Bg3 Nxd3 17. Qxd3 Rad8 18. Qc2 Rd7 19. b3 b5 20. Rad1 Rfd8
21. Rd2 Bg4 22. Red1 Bxf3 23. gxf3 Rxd2 24. Rxd2 h5 25. Qd1 Nc6 26. Ne3 Rxd2
27. Qxd2 Ne7 28. Nd5 Qd6 29. c4 Nxd5 30. Qxd5 Qxd5 31. exd5 a6 32. Kf1 f5 33.
Bh4 Kf7 34. Bd8 Ke8 35. Bb6 Bf8 36. Ke2 Bd6 37. h3 b4 38. Kd3 g5 39. Ke3 Kf7
40. Bd8 Kg6 41. Ke2 h4 42. Ke3 Kh5 43. Ke2 g4 44. fxg4+ fxg4 45. hxg4+ Kxg4 46.
f3+ Kg3 47. Kf1 h3 48. Kg1 Kxf3 49. Bg5 e4 50. Bc1 e3 51. Bxe3 Kxe3 52. Kf1 Kd3
0-1

[Event "Lansing (Mini-Swiss.3/3)"]
[Site "?"]
[Date "1990.??.??"]
[Round "?"]
[White "Randel, D."]
[Black "Hummel, G."]
[Result "1/2-1/2"]
[WhiteElo "1670"]
[BlackElo "1605"]
[PlyCount "117"]
[EventDate "1990.??.??"]

{3/(3)} 1. d4 Nf6 2. Nf3 c5 3. e3 e6 4. Bd3 cxd4 5. exd4 Nc6 6. c3 Be7 7. Nbd2
b6 8. O-O Bb7 9. Re1 O-O 10. Qe2 Qc7 11. Ne5 Nxe5 12. dxe5 Nd5 13. Nf3 d6 14.
exd6 Bxd6 15. h3 Rae8 16. Ng5 g6 17. Nf3 e5 18. Qd2 Nf6 19. Bc2 Bxf3 20. gxf3
Nh5 21. Qg5 Qd7 22. Qg2 Nf4 23. Bxf4 exf4 24. Rad1 Re7 25. Qg4 Qxg4+ 26. fxg4
Be5 27. f3 Rfe8 28. Kf1 f6 29. Ba4 Rc8 30. Rd3 Kg7 31. Red1 Kh6 32. Rd7 Rc7 33.
R7d5 Kg5 34. Kg2 h5 35. Rh1 h4 36. Rhd1 f5 37. Re1 Bf6 38. Rxe7 Rxe7 39. gxf5
gxf5 40. Rd2 Bg7 41. Bc2 Re5 42. Kf1 Re3 43. Kf2 Bf8 44. Re2 Bc5 45. Rxe3 fxe3+
46. Ke2 b5 47. a3 Kf4 48. Bd3 a6 49. Bc2 Ke5 50. Bd3 f4 51. Kd1 Kd5 52. Kc2 Bb6
53. b3 Kc5 54. Be2 a5 55. Kd3 b4 56. axb4+ axb4 57. c4 Bc7 58. Ke4 Bd6 59. Kd3
1/2-1/2

[Event "Detroit (RVO/4)"]
[Site "?"]
[Date "1990.??.??"]
[Round "?"]
[White "Randel, D."]
[Black "Edens, Samuel"]
[Result "1-0"]
[WhiteElo "1605"]
[BlackElo "1605"]
[PlyCount "53"]
[EventDate "1990.??.??"]

1. e4 d6 2. d4 Nf6 3. Nc3 g6 4. f4 Bg7 5. Nf3 Nbd7 6. e5 dxe5 7. dxe5 Ng4 8. h3
Nh6 9. Be3 Nf5 10. Bf2 O-O 11. Bd3 e6 12. g4 Ne7 13. Qe2 b6 14. O-O-O Bb7 15.
h4 f5 16. g5 h5 17. gxh6 Bxh6 18. Be3 Bg7 19. Rdg1 Qe8 20. Rh3 Nd5 21. Nxd5
Bxd5 22. Ng5 Qe7 23. h5 gxh5 24. Qxh5 Rfd8 25. Nxe6 Bxe6 26. Qh8+ Kf7 27. Rxg7#
1-0

[Event "Detroit (RVO/5)"]
[Site "?"]
[Date "1990.??.??"]
[Round "?"]
[White "Randel, D."]
[Black "Collins, Charles"]
[Result "0-1"]
[WhiteElo "1605"]
[BlackElo "1845"]
[PlyCount "72"]
[EventDate "1990.??.??"]

1. e4 Nf6 2. e5 Nd5 3. d4 d6 4. Nf3 Nc6 5. c4 Nb6 6. Be3 Bg4 7. exd6 cxd6 8. h3
Bh5 9. b3 e6 10. Be2 Be7 11. O-O O-O 12. Nc3 d5 13. c5 Nd7 14. a3 a5 15. Qd2
Bf6 16. Rfd1 b6 17. cxb6 Nxb6 18. Rab1 Qe7 19. Qb2 Rfc8 20. Rd2 Rab8 21. Qc1 e5
22. dxe5 Nxe5 23. g4 Nxf3+ 24. Bxf3 Rxc3 25. Qe1 Bg6 26. Bxb6 Rxf3 27. Qxe7
Bxe7 28. Bc7 Rc8 29. Rbd1 Rxc7 30. Rxd5 h6 31. Rxa5 Rcc3 32. Ra7 Bc5 33. Rd8+
Kh7 34. Raa8 Bxf2+ 35. Kh1 Rxh3+ 36. Kg2 Be4+ 0-1

[Event "Lansing (MI Am/3/36)"]
[Site "?"]
[Date "1990.??.??"]
[Round "?"]
[White "Randall, Paul"]
[Black "Sahul, Z."]
[Result "0-1"]
[WhiteElo "1605"]
[BlackElo "1605"]
[PlyCount "86"]
[EventDate "1990.??.??"]

{3/(36)} 1. c4 e5 2. e4 Nf6 3. d3 Nc6 4. Nf3 Bc5 5. Bg5 d6 6. h3 Nd4 7. Nc3 Be6
8. Be2 O-O 9. O-O h6 10. Bh4 g5 11. Nxg5 hxg5 12. Bxg5 Kg7 13. Bh5 Rg8 14. g4
Kf8 15. Bh4 Nxg4 16. Bxd8 Ne3+ 17. Kh1 Nxd1 18. Raxd1 Rxd8 19. Kh2 Rh8 20. Be2
Rxh3+ 21. Kg2 Ke7 22. Nd5+ Bxd5 23. Kxh3 Be6+ 24. Bg4 Rh8+ 25. Kg3 Rg8 26. f3
Nc2 27. Rh1 Ne3 28. Rd2 Nxg4 29. fxg4 Bxg4 30. Kh4 Rh8+ 31. Kxg4 Rxh1 32. b3
Bb4 33. Rg2 Rd1 34. Rg3 Rd2 35. Kf5 Bc3 36. Kg5 Rxa2 37. Kh6 Rb2 38. Rf3 Rxb3
39. Kg7 Kd7 40. Rxf7+ Kc6 41. Kf8 a5 42. Ke8 a4 43. Kd8 Ba5 0-1

[Event "Lansing (MI Am/2/23)"]
[Site "?"]
[Date "1990.??.??"]
[Round "?"]
[White "Randall, Paul"]
[Black "LaForge, Tom"]
[Result "0-1"]
[WhiteElo "1605"]
[BlackElo "1945"]
[PlyCount "38"]
[EventDate "1990.??.??"]

{2/(23)} 1. d4 d5 2. c4 e6 3. Nf3 Nf6 4. Nc3 Be7 5. e3 O-O 6. Be2 dxc4 7. Bxc4
c5 8. O-O Nc6 9. dxc5 Qa5 10. Bd2 Qxc5 11. b3 e5 12. Na4 Qd6 13. Qc2 Bg4 14.
Be2 Rac8 15. Qb2 e4 16. Nd4 Nxd4 17. Bxg4 Nxg4 18. f4 Ne2+ 19. Kh1 Bf6 0-1

[Event "Detroit (MI Op/1a/13)"]
[Site "?"]
[Date "1990.??.??"]
[Round "?"]
[White "Ramas, C."]
[Black "Rogers, Bradley"]
[Result "0-1"]
[WhiteElo "1985"]
[BlackElo "2160"]
[PlyCount "114"]
[EventDate "1990.??.??"]

1. d4 Nf6 2. c4 c5 3. Nf3 g6 4. Nc3 Bg7 5. d5 O-O 6. g3 d6 7. Bg2 e6 8. O-O
exd5 9. cxd5 Na6 10. Nd2 Nc7 11. a4 b6 12. Re1 Ba6 13. e3 h5 14. h3 Qd7 15. Kh2
Rae8 16. Qf3 Re5 17. e4 Nfxd5 18. Nxd5 Nxd5 19. Bf1 Bxf1 20. Rxf1 Nf6 21. Ra3
Rfe8 22. Rd3 Nxe4 23. Nc4 Rf5 24. Qg2 d5 25. f3 Bd4 26. Ne3 Bxe3 27. Bxe3 Nf6
28. f4 d4 29. Bc1 c4 30. Rdf3 d3 31. Bd2 Ne4 32. Re3 Nxd2 33. Qxd2 Rxe3 34.
Qxe3 Qe6 35. Qd2 Qe2+ 36. Qxe2 dxe2 37. Re1 Ra5 38. Rxe2 Rxa4 39. g4 hxg4 40.
hxg4 Ra2 41. Kg3 c3 42. Re8+ Kg7 43. bxc3 Rc2 44. Re3 a5 45. Kh4 a4 46. f5 a3
47. Rf3 a2 48. f6+ Kg8 49. Rf1 Rxc3 50. Ra1 Ra3 51. Kg5 b5 52. Kh6 Rh3+ 53. Kg5
Rh2 54. Rd1 b4 55. Rd8+ Kh7 56. Rf8 a1=Q 57. Rxf7+ Kg8 0-1

[Event "Detroit (MI Op/5/25)"]
[Site "?"]
[Date "1990.??.??"]
[Round "?"]
[White "Ramas, C."]
[Black "Palmer, Tony"]
[Result "0-1"]
[WhiteElo "1895"]
[BlackElo "1990"]
[PlyCount "78"]
[EventDate "1990.??.??"]

{5/(25)} 1. d4 Nf6 2. c4 e6 3. Nf3 b6 4. g3 Bb7 5. Bg2 Be7 6. Nc3 Ne4 7. Qc2
Nxc3 8. Qxc3 O-O 9. O-O f5 10. h4 Bf6 11. Bg5 h6 12. Bxf6 Qxf6 13. e3 d6 14.
Rac1 Nd7 15. b4 a5 16. a3 axb4 17. axb4 Be4 18. Ne1 Bxg2 19. Nxg2 g5 20. Ra1 e5
21. f4 gxf4 22. dxe5 Qxe5 23. Qxe5 Nxe5 24. Rxa8 Rxa8 25. Rxf4 Ra1+ 26. Rf1
Rxf1+ 27. Kxf1 Nxc4 28. Ke2 Ne5 29. Nf4 c6 30. Kd2 Kf7 31. Kc3 Ng6 32. Nd3 Ne7
33. Nf4 Kf6 34. Kd4 c5+ 35. bxc5 dxc5+ 36. Kc4 Ke5 37. Kd3 b5 38. h5 c4+ 39.
Kc3 Nd5+ 0-1

[Event "Detroit (MI Op/3/23)"]
[Site "?"]
[Date "1990.??.??"]
[Round "?"]
[White "Ramas, C."]
[Black "Kulbacki, James"]
[Result "0-1"]
[WhiteElo "1895"]
[BlackElo "2025"]
[PlyCount "86"]
[EventDate "1990.??.??"]

{3/(23)} 1. d4 Nf6 2. c4 e6 3. Nf3 b6 4. g3 Bb7 5. Bg2 Be7 6. Nc3 O-O 7. O-O
Ne4 8. Qc2 Nxc3 9. Qxc3 f5 10. h4 Bf6 11. Bg5 d6 12. Bxf6 Qxf6 13. e3 Nc6 14.
b4 Rae8 15. Rac1 e5 16. d5 Ne7 17. Ng5 Bc8 18. a3 h6 19. Nh3 g5 20. hxg5 hxg5
21. f4 gxf4 22. exf4 Ng6 23. Rce1 Re7 24. Kf2 exf4 25. Qxf6 fxg3+ 26. Kxg3 Rxf6
27. Rxe7 Nxe7 28. Re1 Ng6 29. Re8+ Rf8 30. Rxf8+ Kxf8 31. Bf1 Kf7 32. Kf3 Kf6
33. Ke3 Ke5 34. Ng5 f4+ 35. Kf3 Kf5 36. Nf7 Ne5+ 37. Nxe5 Kxe5 38. b5 Bf5 39.
Be2 Be4+ 40. Kf2 Kd4 41. Bf1 Bd3 42. Bxd3 Kxd3 43. Kf3 Kxc4 0-1

[Event "Detroit (MI Op/7/26)"]
[Site "?"]
[Date "1990.??.??"]
[Round "?"]
[White "Ramas, C."]
[Black "Kosanovich, M."]
[Result "0-1"]
[WhiteElo "1895"]
[BlackElo "1620"]
[PlyCount "22"]
[EventDate "1990.??.??"]

{7/(26)} 1. d4 Nf6 2. Nf3 g6 3. c4 Bg7 4. Nc3 d5 5. e3 O-O 6. b3 Na6 7. Bb2 c5
8. dxc5 Ne4 9. Qc2 Qa5 10. Rc1 Nb4 11. Qb1 Nxa2 0-1

[Event "Detroit (MI Op/7/29)"]
[Site "?"]
[Date "1990.??.??"]
[Round "?"]
[White "Raftshol, W."]
[Black "Vukotic, D."]
[Result "0-1"]
[WhiteElo "1870"]
[BlackElo "1985"]
[PlyCount "77"]
[EventDate "1990.??.??"]

{7/(29)} 1. e4 c5 2. c4 Nc6 3. Nc3 g6 4. f4 Bg7 5. Nf3 e6 6. d3 Nge7 7. Be3 Nd4
8. Bxd4 cxd4 9. Nb5 d6 10. Qd2 Nc6 11. Be2 a6 12. Na3 O-O 13. O-O e5 14. g3 Bh3
15. Rf2 f6 16. Bf1 Qd7 17. Bg2 Bh6 18. Kh1 Rf7 19. Ng1 Bxg2+ 20. Rxg2 Kh8 21.
Nc2 f5 22. Rf1 Raf8 23. Ne2 Nd8 24. exf5 Rxf5 25. Nb4 Ne6 26. Nd5 Nc7 27. g4
Nxd5 28. cxd5 Bxf4 29. Rxf4 Rxf4 30. Nxf4 Rxf4 31. h3 h5 32. Rf2 g5 33. Rxf4
gxf4 34. Qg2 hxg4 35. hxg4 Qh7+ 36. Kg1 Qh4 37. Qf3 Kg7 38. Kg2 Qe1 39. Qh3
$138 0-1

[Event "Detroit (MI Op/1a/15)"]
[Site "?"]
[Date "1990.??.??"]
[Round "?"]
[White "Raftshol, W."]
[Black "Thomas, Carlton"]
[Result "1-0"]
[WhiteElo "1870"]
[BlackElo "2145"]
[PlyCount "63"]
[EventDate "1990.??.??"]

1. e4 e6 2. d4 d5 3. Nc3 Bb4 4. a3 Bxc3+ 5. bxc3 dxe4 6. Qg4 Nf6 7. Qxg7 Rg8 8.
Qh6 Rg6 9. Qh4 c5 10. Bg5 Qa5 11. Ne2 Nbd7 12. Bd2 Qa4 13. Nf4 Rg4 14. Qh6 cxd4
15. Be2 Rg8 16. cxd4 b6 17. c4 Bb7 18. Bb4 Qc6 19. Rd1 Qc7 20. d5 e5 21. Ne6
fxe6 22. dxe6 O-O-O 23. exd7+ Nxd7 24. Bd6 Qc6 25. Qh3 e3 26. f3 Qa4 27. O-O
Qc2 28. Rfe1 e4 29. f4 Rg6 30. Rc1 Qd2 31. c5 Bc6 32. Ba6+ 1-0

[Event "Detroit (MI Op/3/13)"]
[Site "?"]
[Date "1990.??.??"]
[Round "?"]
[White "Raftshol, W."]
[Black "Lehotzky, Attila"]
[Result "0-1"]
[WhiteElo "1870"]
[BlackElo "2075"]
[PlyCount "134"]
[EventDate "1990.??.??"]

{3/(13)} 1. e4 e5 2. f4 exf4 3. d4 Qh4+ 4. Ke2 f3+ 5. gxf3 d6 6. Qe1 Qh5 7. Qg3
Nc6 8. c3 Nf6 9. Qg5 Be7 10. Qxh5 Nxh5 11. Bh3 f5 12. Be3 O-O 13. Nd2 Bh4 14.
Bg2 fxe4 15. fxe4 Nf4+ 16. Bxf4 Rxf4 17. Ngf3 Bg4 18. Ke3 Bxf3 19. Nxf3 Raf8
20. Nxh4 Rxh4 21. Raf1 Rxf1 22. Bxf1 Ne7 23. Bc4+ Kh8 24. Rf1 Rh3+ 25. Rf3
Rxf3+ 26. Kxf3 g6 27. Kf4 Kg7 28. Be6 Kf6 29. Bd7 g5+ 30. Kg4 h6 31. h4 Ng6 32.
hxg5+ hxg5 33. Bc8 b6 34. Ba6 Nf4 35. Bf1 c5 36. Kf3 cxd4 37. cxd4 Ne6 38. Ke3
Kg6 39. Bh3 Nf4 40. Bg4 Kf6 41. Kd2 Ne6 42. Kc3 Nf4 43. Bf3 Nh3 44. Kc4 Nf4 45.
Kb4 Ne6 46. Kc4 Nc7 47. Bg4 a6 48. Bc8 a5 49. Bg4 b5+ 50. Kd3 Ke7 51. Be2 Kf6
52. Bg4 Ke7 53. e5 d5 54. Ke3 b4 55. Be2 Ke6 56. Bd3 Ke7 57. Bf5 a4 58. Bc2 a3
59. bxa3 bxa3 60. Bb3 Ke6 61. Ba4 Na6 62. Bb3 Nb4 63. Kd2 g4 64. Ke3 g3 65. Kf3
Nd3 66. Kxg3 Nc1 67. Bd1 Nxa2 0-1

[Event "Detroit (MI Op/6/24)"]
[Site "?"]
[Date "1990.??.??"]
[Round "?"]
[White "Raftshol, W."]
[Black "Fuller, William"]
[Result "1/2-1/2"]
[WhiteElo "1870"]
[BlackElo "2065"]
[PlyCount "112"]
[EventDate "1990.??.??"]

{6/(24)} 1. e4 c5 2. c4 Nc6 3. Nc3 Nf6 4. f4 d6 5. Nf3 Bg4 6. Be2 g6 7. d3 Bg7
8. O-O Nd7 9. Nd5 O-O 10. Kh1 Bxf3 11. Bxf3 Nd4 12. Bg4 e6 13. Nc3 f5 14. Bh3
Nb8 15. g3 h5 16. exf5 exf5 17. Bg2 Nbc6 18. Bd5+ Kh7 19. Be3 Qd7 20. Bxd4 Nxd4
21. Ne2 Rae8 22. Nxd4 Bxd4 23. Qd2 Re7 24. Rfe1 Rfe8 25. Rxe7+ Qxe7 26. Bf3 Qe3
27. Qxe3 Rxe3 28. Bxb7 Rxd3 29. Re1 Bxb2 30. a4 Kg7 31. Bd5 a5 32. Re7+ Kh6 33.
Rd7 Bc3 34. Bg8 g5 35. Bh7 gxf4 36. Bxf5 Rd1+ 37. Kg2 Kg5 38. Be4 Rd2+ 39. Kh3
fxg3 40. hxg3 Rd4 41. Rg7+ Kf6 42. Rg6+ Kf7 43. Bc2 Rd2 44. Be4 Re2 45. Bf3
Kxg6 46. Bxe2 Kg5 47. Bd3 Be1 48. Kg2 h4 49. gxh4+ Bxh4 50. Kf3 Be1 51. Ke4 Bc3
52. Kd5 Be5 53. Bh7 Kf4 54. Bg6 Ke3 55. Be8 Kd2 56. Bd7 Bc3 1/2-1/2

[Event "Detroit (MI Op/1b/18)"]
[Site "?"]
[Date "1990.??.??"]
[Round "?"]
[White "Proszkow, T."]
[Black "Stefanski, Mark"]
[Result "0-1"]
[WhiteElo "1790"]
[BlackElo "1900"]
[PlyCount "66"]
[EventDate "1990.??.??"]

1. d4 Nf6 2. Nf3 d5 3. Bg5 Nbd7 4. e3 e6 5. Bd3 h6 6. Bh4 c5 7. c3 Bd6 8. Nbd2
b6 9. O-O Bb7 10. Rc1 g5 11. Bg3 Bxg3 12. hxg3 Ng4 13. e4 c4 14. Bb1 h5 15.
exd5 Bxd5 16. Ne4 f6 17. Qa4 a6 18. Nd6+ Kf8 19. Nxc4 Kg7 20. Ne3 Nxe3 21. fxe3
h4 22. gxh4 g4 23. e4 b5 24. Qc2 Bc4 25. e5 f5 26. Ng5 Rxh4 27. Nxe6+ Bxe6 28.
Rxf5 g3 29. Rf4 Nf8 30. Rxf8 Rh1+ 31. Kxh1 Qh4+ 32. Kg1 Qh2+ 33. Kf1 Rxf8+ 0-1

[Event "Detroit (MI Op/4/26)"]
[Site "?"]
[Date "1990.??.??"]
[Round "?"]
[White "Profit, Brian"]
[Black "Santiago, Reynaldo"]
[Result "1-0"]
[WhiteElo "1840"]
[BlackElo "2000"]
[PlyCount "51"]
[EventDate "1990.??.??"]

{4/(26)} 1. d4 Nf6 2. c4 c5 3. d5 e6 4. Nc3 exd5 5. cxd5 d6 6. e4 g6 7. f4 Bg7
8. e5 Nfd7 9. Ne4 dxe5 10. Nd6+ Ke7 11. Nxc8+ Qxc8 12. Nf3 Re8 13. fxe5 Nxe5
14. Bb5 Nbd7 15. O-O a6 16. Nxe5 Bxe5 17. d6+ Kf8 18. Qd5 Nf6 19. Bh6+ Kg8 20.
Rxf6 Bxf6 21. d7 axb5 22. dxc8=Q Raxc8 23. Qxb7 Rb8 24. Qc6 Bxb2 25. Rd1 Bd4+
26. Rxd4 1-0

[Event "Detroit (MI Op/5/18)"]
[Site "?"]
[Date "1990.??.??"]
[Round "?"]
[White "Profit, Brian"]
[Black "Finegold, Mark"]
[Result "1/2-1/2"]
[WhiteElo "1840"]
[BlackElo "2240"]
[PlyCount "59"]
[EventDate "1990.??.??"]

{5/(18)} 1. d4 Nf6 2. c4 g6 3. Nc3 Bg7 4. e4 d6 5. f3 Nc6 6. Be3 O-O 7. Qd2 e5
8. d5 Nd4 9. Nge2 Nxe2 10. Bxe2 Nh5 11. g4 Nf4 12. O-O-O Bf6 13. Kb1 g5 14.
Rdg1 a6 15. h4 h6 16. hxg5 Bxg5 17. Bd3 Kg7 18. Ne2 Nxe2 19. Bxe2 Bxe3 20. Qxe3
Qg5 21. Qf2 f6 22. Rh5 Qg6 23. Rgh1 Rh8 24. Qe3 b6 25. f4 exf4 26. Qxf4 Bd7 27.
Rg1 Rae8 28. Bf3 Re5 29. Rgh1 Rg5 30. R5h4 1/2-1/2

[Event "Detroit (MI Op/2/26)"]
[Site "?"]
[Date "1990.??.??"]
[Round "?"]
[White "Profit, Brian"]
[Black "Calton, Bill"]
[Result "1-0"]
[WhiteElo "1840"]
[BlackElo "2050"]
[PlyCount "68"]
[EventDate "1990.??.??"]

{2/(26)} 1. d4 g6 2. c4 d6 3. Nc3 Bg7 4. e4 Nc6 5. Be3 e5 6. Nge2 Nh6 7. d5 Ne7
8. f3 f5 9. Qd2 Nf7 10. Nc1 O-O 11. b4 Bd7 12. Nb3 Bf6 13. c5 g5 14. cxd6 cxd6
15. Rc1 g4 16. fxg4 fxg4 17. Nb5 Bh4+ 18. g3 Bxb5 19. Bxb5 Bf6 20. O-O Ng6 21.
Be2 Ng5 22. Qd3 h5 23. Rf5 Nh3+ 24. Kg2 Ng5 25. Rcf1 Be7 26. Na5 Nf3 27. Rxf8+
Bxf8 28. Bxf3 gxf3+ 29. Rxf3 b6 30. Nc6 Qc7 31. Rf5 h4 32. Qd1 hxg3 33. hxg3
Bg7 34. Qg4 Nh8 1-0

[Event "Flint (MI Senior/2/1)"]
[Site "?"]
[Date "1990.??.??"]
[Round "?"]
[White "Poschel, Paul"]
[Black "Vandenburg, V.E."]
[Result "1-0"]
[WhiteElo "2310"]
[BlackElo "1625"]
[PlyCount "59"]
[EventDate "1990.??.??"]

{2/(1)} 1. c4 c5 2. Nf3 b6 3. Nc3 Bb7 4. d4 cxd4 5. Nxd4 e5 6. Ndb5 d6 7. Nd5
h6 8. Nbc7+ Kd7 9. Nxa8 Bxa8 10. g3 Nf6 11. Bh3+ Ke8 12. O-O Nc6 13. Nxf6+ Qxf6
14. Bg2 Qd8 15. b3 g5 16. Qd2 Nd4 17. Bb2 Bxg2 18. Kxg2 Qa8+ 19. f3 g4 20. Bxd4
gxf3+ 21. exf3 exd4 22. Qxd4 Rg8 23. Rfe1+ Kd7 24. Rad1 Qc6 25. Qf6 Rg7 26. Rd5
b5 27. Rxb5 Qc7 28. Qf5+ Kd8 29. Qe4 Be7 30. Qa8+ 1-0

[Event "Flint (MI Senior/4/1)"]
[Site "?"]
[Date "1990.??.??"]
[Round "?"]
[White "Poschel, Paul"]
[Black "Hayes, R."]
[Result "1/2-1/2"]
[WhiteElo "2310"]
[BlackElo "1955"]
[PlyCount "112"]
[EventDate "1990.??.??"]

{4/(1)} 1. c4 Nf6 2. Nc3 d5 3. cxd5 Nxd5 4. g3 g6 5. Bg2 Nxc3 6. bxc3 c5 7. h4
h5 8. Nh3 Bg7 9. Qb3 Qc7 10. Nf4 e6 11. Rb1 Nc6 12. Qb5 Bf8 13. Ba3 a6 14.
Bxc6+ bxc6 15. Qb6 Qxb6 16. Rxb6 e5 17. Nd3 c4 18. Bxf8 cxd3 19. Bg7 Rg8 20.
Bxe5 dxe2 21. Kxe2 Kd7 22. d4 Re8 23. Kd2 Re6 24. Re1 f6 25. Bf4 Rxe1 26. Kxe1
a5 27. d5 cxd5 28. Rxf6 Ra6 29. Rf7+ Ke8 30. Rc7 Be6 31. Be3 d4 32. Bxd4 Bxa2
33. Ra7 Rxa7 34. Bxa7 a4 35. Kd2 Bc4 36. Bc5 Kd7 37. Ke3 Kc6 38. Kd4 Bf1 39. c4
Be2 40. Ba3 Bf3 41. Ke3 Bd1 42. Kf4 Be2 43. c5 Kd5 44. Kg5 Bd3 45. f3 Be2 46.
f4 Bd3 47. g4 hxg4 48. Kxg4 Be4 49. Kg5 Ke6 50. Bb4 Kf7 51. h5 gxh5 52. Kxh5
Kf6 53. Kg4 Bf5+ 54. Kf3 Bd7 55. Ke4 Bc6+ 56. Kd4 Kf5 1/2-1/2

[Event "Detroit (MI Op/2/6)"]
[Site "?"]
[Date "1990.??.??"]
[Round "?"]
[White "Poschel, Paul"]
[Black "Dangremond, Leonard"]
[Result "1-0"]
[WhiteElo "2305"]
[BlackElo "1995"]
[PlyCount "45"]
[EventDate "1990.??.??"]

{2/(6)} 1. c4 Nf6 2. Nc3 g6 3. e4 d6 4. d4 Bg7 5. f4 O-O 6. Nf3 Nbd7 7. Bd3 c5
8. d5 a6 9. a4 e5 10. fxe5 dxe5 11. O-O Ne8 12. Qc2 Nd6 13. Bg5 f6 14. Bh4 Rf7
15. Kh1 Nf8 16. Nxe5 g5 17. Nxf7 Nxf7 18. Bf2 Qd6 19. Bg3 Ne5 20. Be2 Nfg6 21.
Nd1 Bd7 22. Ne3 Kf7 23. Nf5 1-0

[Event "Lansing (MI Am/3/45)"]
[Site "?"]
[Date "1990.??.??"]
[Round "?"]
[White "Pope, Nick"]
[Black "Vangilder, D."]
[Result "1-0"]
[WhiteElo "1605"]
[BlackElo "1605"]
[PlyCount "151"]
[EventDate "1990.??.??"]

{3/(45)} 1. e4 d6 2. d4 Nf6 3. Nc3 Nc6 4. Bb5 Bd7 5. d5 Ne5 6. Bxd7+ Qxd7 7.
Nf3 Nxf3+ 8. Qxf3 c6 9. Bg5 c5 10. Bxf6 exf6 11. Qe2 a6 12. O-O Be7 13. f4 O-O
14. f5 g6 15. Qg4 Kh8 16. Rf3 Rg8 17. Rh3 Rg7 18. Re1 Rag8 19. Re2 Bd8 20. Nd1
Qb5 21. Rb3 Qd7 22. Ne3 b5 23. c4 b4 24. a3 Qa4 25. Rd3 a5 26. Red2 Qe8 27. Qf3
h5 28. Qh3 Rh7 29. axb4 axb4 30. b3 Qxe4 31. Nf1 gxf5 32. Re3 Qg4 33. Qxg4 fxg4
34. Rde2 Rhg7 35. Ng3 Rg5 36. Ne4 Re5 37. Nxd6 Rxe3 38. Rxe3 Kg7 39. Nf5+ Kg6
40. Ne7+ Bxe7 41. Rxe7 f5 42. Rc7 f4 43. Kf2 f5 44. Rxc5 h4 45. d6 Kf6 46. Rd5
h3 47. g3 fxg3+ 48. Kxg3 f4+ 49. Kxf4 g3 50. hxg3 Ke6 51. Rd1 h2 52. c5 Kd7 53.
Kf3 Rg5 54. Kg2 Rxc5 55. Kxh2 Rc3 56. Rb1 Kxd6 57. Kh3 Re3 58. Kh4 Ke5 59. g4
Kf6 60. g5+ Kf5 61. Rf1+ Ke4 62. g6 Kd4 63. g7 Re4+ 64. Kg5 Re2 65. Kf6 Rg2 66.
Rf3 Ke4 67. Rh3 Rg4 68. Kf7 Rf4+ 69. Kg8 Ke5 70. Kh8 Rg4 71. g8=Q Rxg8+ 72.
Kxg8 Kd4 73. Kf7 Kd5 74. Rh4 Kc5 75. Rc4+ Kb5 76. Ke6 1-0

[Event "Lansing (MI Am/1/30)"]
[Site "?"]
[Date "1990.??.??"]
[Round "?"]
[White "Pope, Nick"]
[Black "Swindler, J."]
[Result "0-1"]
[WhiteElo "1605"]
[BlackElo "1810"]
[PlyCount "112"]
[EventDate "1990.??.??"]

{1/(30)} 1. e4 c5 2. Nf3 d6 3. d4 cxd4 4. Nxd4 Nf6 5. Nc3 a6 6. Bd3 e6 7. O-O
Be7 8. Be3 Qc7 9. Qd2 b5 10. a3 Bb7 11. f4 Nbd7 12. b4 Ng4 13. Nd1 Bf6 14. Rc1
Nxe3 15. Qxe3 Rc8 16. Nf3 O-O 17. g4 Qb6 18. Qxb6 Nxb6 19. Ne3 Rc7 20. e5 dxe5
21. fxe5 Be7 22. Kf2 Rfc8 23. Nd2 Nd7 24. Be4 Bxe4 25. Nxe4 Nxe5 26. Rfd1 Nc4
27. Nxc4 Rxc4 28. Nd6 Bxd6 29. Rxd6 Rxc2+ 30. Rxc2 Rxc2+ 31. Kg3 g6 32. Rxa6
Kg7 33. Ra5 Rc3+ 34. Kf2 h6 35. Rxb5 Rxa3 36. Rb8 f5 37. gxf5 exf5 38. b5 Kf6
39. b6 Kg5 40. Rc8 Rb3 41. Rc6 h5 42. Rd6 h4 43. Kg2 Kh5 44. h3 Kg5 45. Rc6 Rb4
46. Kf3 Kh5 47. Kg2 Rb5 48. Kf3 g5 49. Re6 g4+ 50. hxg4+ fxg4+ 51. Kf4 Rb4+ 52.
Kf5 h3 53. Re5 Rxb6 54. Kf4+ Kh4 55. Re8 Rb4+ 56. Kf5 h2 0-1

[Event "Detroit (RVO/4)"]
[Site "?"]
[Date "1990.??.??"]
[Round "?"]
[White "Pope, Nick"]
[Black "Slattery, R."]
[Result "1-0"]
[WhiteElo "1605"]
[BlackElo "1605"]
[PlyCount "83"]
[EventDate "1990.??.??"]

1. e4 c5 2. c4 Nf6 3. d3 e6 4. g3 Nc6 5. Bg2 d5 6. Ne2 dxc4 7. dxc4 Qxd1+ 8.
Kxd1 e5 9. Nbc3 Ng4 10. Re1 Nd4 11. Nxd4 cxd4 12. Nd5 Bd6 13. c5 Bb8 14. h3 Nf6
15. Ke2 Nxd5 16. exd5 a5 17. Bd2 a4 18. b4 axb3 19. axb3 Ra7 20. Rxa7 Bxa7 21.
b4 O-O 22. Ra1 Bb8 23. b5 Bf5 24. b6 e4 25. d6 e3 26. fxe3 dxe3 27. Bxe3 Rc8
28. Bxb7 Re8 29. h4 Bg4+ 30. Kf2 Re5 31. Ra8 Re8 32. Bf3 Bxf3 33. Kxf3 Kf8 34.
c6 Bxd6 35. Rxe8+ Kxe8 36. Bf4 Bxf4 37. Kxf4 Kd8 38. Ke5 Kc8 39. Kd6 h6 40. b7+
Kb8 41. Kd7 g5 42. c7+ 1-0